| 000 | 00964nam a2200265 i 4500 | ||
|---|---|---|---|
| 003 | IT-RoINE | ||
| 005 | 20191204091139.0 | ||
| 008 | 030410s2002 sp | r ||0 ||spa d | ||
| 020 | _a8479146230 | ||
| 040 |
_aSpMaBN _cSpMaBN IT-RoINE _dIT-RoINE |
||
| 041 | 1 |
_aspa _hgre |
|
| 245 | 0 | 0 |
_aPadres apostólicos y apologistas griegos (S. II) / _cintroducción, notas y versión española por Daniel Ruiz Bueno. |
| 260 |
_aMadrid : _bBiblioteca de Autores Cristianos, _c2002. |
||
| 300 |
_a1510 p. ; _c20 cm. |
||
| 336 |
_2rdacontent _atext |
||
| 337 |
_2rdamedia _aunmediated |
||
| 338 |
_2rdacarrier _avolume |
||
| 490 | 1 |
_aBiblioteca de Autores Cristianos ; _v629 |
|
| 650 | 4 |
_aLiteratura cristiana primitiva _916323 |
|
| 650 | 4 |
_aApologética _912804 _xHistoria _zGrecia _yca. 30-600 (Iglesia primitiva) |
|
| 650 | 4 |
_92536 _aPadres de la Iglesia |
|
| 700 | 1 |
_aRuíz Bueno, Daniel _912563 |
|
| 830 | 0 |
_aBiblioteca de Autores Cristianos ; _v629 _9843 |
|
| 942 | _cMTS | ||
| 999 |
_c32973 _d32973 |
||